banner koha

Efeito da interacao calcario e fosforo na producao de sorgo granifero [Sorghum bicolor; Rio Grande do Sul; Brasil] (Registro n. 313253)

MARC details
000 -LÍDER
campo de controle de tamanho fixo 01386naa a22003617a 4500
001 - NÚMERO DE CONTROLE
campo de controle BR8103075
003 - IDENTIFICADOR DO NÚMERO DE CONTROLE
campo de controle BR-BrBNA
005 - DATA E HORÁRIO DA ÚLTIMA TRANSAÇÃO
campo de controle 20240918174734.0
007 - CAMPO FIXO DE DESCRIÇÃO FÍSICA--INFORMAÇÃO GERAL
campo de controle de tamanho fixo ta
008 - CAMPO DE DADOS FIXOS--INFORMAÇÃO GERAL
campo de controle de tamanho fixo 230509b bl.||||| |||| 00| 0 por d
040 ## - FONTE DA CATALOGAÇÃO
Instituição da catalogação original BR-BrBNA
Idioma da catalogação por
Instituição que transcreveu o registro Biblioteca Nacional de Agricultura
041 ## - CÓDIGO DE IDIOMA
Código do idioma do texto/trilha sonora ou título diferente (Pt)
072 ## - CÓDIGO DE CATEGORIA DE ASSUNTO
Código de Categoria de Assunto F25
Código do objeto 0170
-- 3840
-- 3830
-- G514
090 ## - NÚMERO DE CHAMADA LOCAL
Número de chamada F25 BR8103075
100 1# - ENTRADA PRINCIPAL--NOME PESSOAL
Nome pessoal Cordeiro, D.S.
100 1# - ENTRADA PRINCIPAL--NOME PESSOAL
Nome pessoal Santos Filho, B.G. dos
100 1# - ENTRADA PRINCIPAL--NOME PESSOAL
Nome pessoal Kichel, A.
100 1# - ENTRADA PRINCIPAL--NOME PESSOAL
Nome pessoal Silveira Junior, P.
245 1# - TÍTULO
Título Efeito da interacao calcario e fosforo na producao de sorgo granifero [Sorghum bicolor; Rio Grande do Sul; Brasil]
246 1# - FORMA VARIANTE DO TÍTULO
Título/título abreviado [Effect of lime and phosphorus interaction on grain sorghum production [Sorghum bicolor; Rio Grande do Sul; Brazil]]
246 1# - FORMA VARIANTE DO TÍTULO
Título/título abreviado [Sorghum. Research findings]
260 3# - PUBLICAÇÃO, DISTRIBUIÇÃO, ETC.
Local de publicação, distribuição, etc. Pelotas, RS (Brasil):
Data da publicação, distribuição, etc. 1980.
500 ## - NOTA GERAL
Nota geral Sorgo. Resultados de pesquisa<br/>Pelotas, RS (Brasil): 1980. p. 55-57<br/>(BR8103075-AM)F25<br/>
650 ## - ASSUNTO--TERMO TÓPICO
Cabeçalho tópico ou nome geográfico Fertilidade do solo
650 ## - ASSUNTO--TERMO TÓPICO
Cabeçalho tópico ou nome geográfico Sorgo granifero
650 ## - ASSUNTO--TERMO TÓPICO
Cabeçalho tópico ou nome geográfico Calcario
650 ## - ASSUNTO--TERMO TÓPICO
Cabeçalho tópico ou nome geográfico Fertilizante fosfatado
650 ## - ASSUNTO--TERMO TÓPICO
Cabeçalho tópico ou nome geográfico Calagem
650 ## - ASSUNTO--TERMO TÓPICO
Cabeçalho tópico ou nome geográfico Rio Grande do Sul
773 0# - ENTRADA ANALÍTICA
Título Sorgo. Resultados de pesquisa [Sorghum halepense; Sorgo acucareiro; Sorghum vulgare; Sorgo forrageiro; Brasil]
Número de controle do registro 0170 BR8103064
Partes relacionadas Pelotas, RS (Brasil), 1980.
Enumeração e primeira página 93 p.
909 ## -
-- 202404
-- Lucia
-- 55
-- Lucia Elande
942 ## - ELEMENTOS DE ENTRADA ADICIONADOS (KOHA)
Tipo de material Koha Capítulo-Livro
Fonte da classificação ou esquema de arquivamento na estante Classificação AGRIS
Exemplares
Situação do descarte Fonte da classificação ou esquema de arquivamento na estante Situação física Não pode ser emprestado Coleção Biblioteca de origem Biblioteca atual Localização na estante Total de empréstimos Número de telefone completo Data de último acesso Número do exemplar Tipo de material Koha Situação das perdas Data de aquisição Fonte de aquisição
  Classificação AGRIS       Biblioteca Nacional de Agricultura - Binagri Biblioteca Nacional de Agricultura - Binagri Agrobase - Acervo Geral   0170 BR8103064 20/05/2024 01 Capítulo-Livro   2024-04-11 Portaria Interministerial nº 164/94

BINAGRI

Telefone: (61)3218-2567/2388/3357/2097 - binagri@agro.gov.br

Ministério da Agricultura e Pecuária , Esplanada dos Ministérios, Bloco D, Anexo B, Brasília/DF, CEP: 70.043-900